Nové technologie a kontrola zaměstnanců

Problematika monitorovania alebo kontroly zamestnancov v súvislosti s používaním informačnej a komunikačnej technológie na pracovisku a pri práci na diaľku. Zákaz používania IKT pre svoju sobnú potrebu bez súhlasu zamestnávateľa. Primeranosť kontroly. Sledovanie elektronickej pošty je možné iba tam,...

Descripción completa

Guardado en:
Detalles Bibliográficos
Autor principal: Kinclová, Veronika
Formato: Capítulo de libro
Lenguaje:checo
Materias:
Etiquetas: Agregar Etiqueta
Sin Etiquetas, Sea el primero en etiquetar este registro!

MARC

LEADER 00000naa a2200000 4500
001 0250681
005 20190205085047.2
041 0 |a cze 
044 |a CZ 
245 1 0 |a Nové technologie a kontrola zaměstnanců  |c Veronika Kinclová 
520 |a Problematika monitorovania alebo kontroly zamestnancov v súvislosti s používaním informačnej a komunikačnej technológie na pracovisku a pri práci na diaľku. Zákaz používania IKT pre svoju sobnú potrebu bez súhlasu zamestnávateľa. Primeranosť kontroly. Sledovanie elektronickej pošty je možné iba tam, kde existuje vážny dôvod. Povinnosť zamestnávateľa informovať zamestnanca o spustení monitorovacieho systému. Lokalizácia pomocou GPS. Správne nastavený monitoring ako nástroj účinnej ochrany zamestnávateľa. 
610 2 0 |a kontrola 
610 2 0 |a zamestnanci 
610 2 0 |a zamestnávatelia 
610 2 0 |a technológie informačné 
610 2 0 |a technológie komunikačné 
610 2 0 |a internet 
610 2 0 |a telefón mobilný 
610 2 0 |a aplikácie mobilné 
100 1 |a Kinclová, Veronika